000 04007cam a22004334a 4500
001 17082789
003 OSt
005 20210417110221.0
008 111213s2012 nyub 000 0 eng
010 _a 2011047588
020 _a9781594488191 (hardback)
040 _aDLC
_cDLC
_dDLC
042 _apcc
043 _aa-ii---
050 0 0 _aHC435.3
_b.K36 2012
080 _a94
_bK-20
082 0 0 _a330.954
_223
084 _aHIS037080
_aHIS017000
_2bisacsh
100 1 _aKapur, Akash.
245 1 0 _aIndia becoming :
_ba portrait of life in modern India /
_cAkash Kapur.
260 _aNew York :
_bRiverhead Books,
_c2012.
300 _a292 p. :
_bmap ;
_c24 cm.
365 _b26.95 usd
520 _a"A portrait of incredible change and economic development, of social and national transformation told through individual lives. The son of an Indian father and an American mother, Akash Kapur spent his formative years in India and his early adulthood in the United States. In 2003, he returned to his birth country for good, eager to be part of its exciting growth and modernization. What he found was a nation even more transformed than he had imagined, where the changes were fundamentally altering Indian society, for better and sometimes for worse. To further understand these changes, he sought out the Indians experiencing them firsthand. The result is a rich tapestry of lives being altered by economic development, and a fascinating insider's look at many of the most important forces shaping our world today. Much has been written about the rise of Asia and a rebalancing of the global economy, but rarely does one encounter these big stories with the level of nuance and detail that Kapur gives us in India Becoming. Among the characters we meet are a broker of cows who must adapt his trade to a modernizing economy; a female call center employee whose relatives worry about her values in the city; a feudal landowner who must accept that he will not pass his way of life down to his children; and a career woman who wishes she could 'outsource' having a baby. Through these stories and many others, Kapur provides a fuller understanding of the complexity and often contradictory nature of modern India. India Becoming is particularly noteworthy for its emphasis on rural India -- a region often neglected in writing about the country, though 70 percent of the population still lives there. In scenes reminiscent of R.K. Narayan's classic works on the Indian countryside, Kapur builds intimate portraits of farmers, fishermen, and entire villages whose ancient ways of life are crumbling, giving way to an uncertain future that is at once frightening and full of promise. Kapur himself grew up in rural India; his descriptions of change and modernization are infused with a profound -- at times deeply poignant -- firsthand understanding of the loss that must accompany all development and progress. India Becoming is essential reading for anyone interested in our changing world and the newly emerging global order. It is a riveting narrative that puts the personal into a broad, relevant and revelational context"--
_cProvided by publisher.
650 0 _aSocial change
_zIndia.
650 7 _aHISTORY / Modern / 21st Century
_2bisacsh.
650 7 _aHISTORY / Asia / India & South Asia
_2bisacsh.
651 0 _aIndia
_xEconomic conditions
_y21st century.
651 0 _aIndia
_xSocial conditions
_y21st century.
651 0 _aIndia
_xRural conditions.
653 _aისტორია
653 _aინდოეთი
653 _aეკონომიკური მდგომარეობა
653 _aსოციალური მდგომარეობა
856 4 2 _3Cover image
_uftp://ppftpuser:welcome@ftp01.penguingroup.com/Booksellers and Media/Covers/2008_2009_New_Covers/9781594488191.jpg
906 _a7
_bcbc
_corignew
_d1
_eecip
_f20
_gy-gencatlg
942 _2udc
_cBK
999 _c190
_d190